000 00338nam a2200133 i 4500
001 bg
100 1 _aSZECHY, K.
245 0 _aDie Baugrube :
_bumschließung und Wasserhaltung.
_nBd. 2.
_nTeil 1 /
_cK. Szechy.
260 _aNowy Jork,
_c1965.
040 _cBPK
041 _apol
942 _cKS
008 s pl f |000 0 pol
999 _c12049
_d12049
856 _uhttp://koha.tu.koszalin.pl/cgi-bin/koha/opac-detail.pl?biblionumber=12049
_yKatalog online BPK